000
00304nam a22001337a 4500
008
170601b xxu||||| |||| 00| 0 eng d
020
_a
9780321002907
041
_a
eng
080
_2
5ED
_a
94(7/8)
100
_a
17
101
_a
shh
245
_a
AMERICA PAST AND PRESENT
_c
BREEN.D
942
_2
udc
_c
BK
999
_c
15223
_d
15223